000 00366nam a22001697a 4500
005 20260512121057.0
008 160629b xxu||||| |||| 00| 0 eng d
020 _a81-85749-56-6
041 _aeng
082 _a658.8
100 _aVerma A.P
245 _aProduction Management
260 _bKatson
_c2011
300 _a335
650 _aManagement
942 _cBK
999 _c4755
_d4753